banner-ar

الخلفاء الاربعة : (Record no. 60410)

MARC details
000 -الفاتح
حقل البيانات ثابتة الطول 01240nam a22002897a 4500
005 - وقت وتاريخ اخر تعامل مع التسجيلة
رقم الضبط 20240530110409.0
008 - عناصر البيانات ثابتة الطول - معلومات عامة
حقل البيانات ثابتة الطول 150209s2011 ua g bc 000 0 ara d
017 ## - رقم الايداع القانونى
رقم الايداع القانونى 19033/2011
المصدر ( الهيئة المختصة) مصر . دار الكتب المصرية
020 ## - الرقم الدولى المعيارى للكتب
الرقم الدولى المعيارى للكتاب 9789771808596
040 ## - مصدر الفهرسة
وكالة الفهرسة الأصلية EG-CaGPL
041 0# - رمز اللغة
رمز لغة النص/ المسارات الصوتية أو العنوان الانفرادي ara
082 04 - رقم تصنيف ديوى العشرى
رقم الطبعة 21
رقم التصنيف 953.022\
رقم المادة ا خ
100 0# - المدخل الرئيسى - إسم شخصى
الإسم الشخصى ابى القاسم اسماعيل بن محمد بن الفضل بن على التيمى
245 12 - بيان العنوان
العنوان الخلفاء الاربعة :
بقية العنوان ابوبكر عمر عثمان على : ايامهم وسيرهم /
بيان المسئوليه,etc ابى القاسم اسماعيل بن محمد بن الفضل بن على التيمى
250 ## - بيان الطبعة
بيان الطبعة ط2
260 ## - PUBLICATION, DISTRIBUTION, ETC. (IMPRINT)
تاريخ النشر أو التوزيع 2011
300 ## - الوصف المادى
التعداد 268 ص ؛
أبعاد الوعاء 30 سم
504 ## - تبصرة ببليوجرافية
تبصرة ببليوجرافية,الخ ببليوجرافية : ص 261 - 268
600 04 - المدخل الاضافى بالموضوع-اسم شخصى
الإسم الشخصى ابوبكر الصديق
600 04 - المدخل الاضافى بالموضوع-اسم شخصى
الإسم الشخصى عمر بن الخطاب
600 04 - المدخل الاضافى بالموضوع-اسم شخصى
الإسم الشخصى عثمان بن عفان
600 04 - المدخل الاضافى بالموضوع-اسم شخصى
الإسم الشخصى على بن ابى طالب
650 04 - المدخل الاضافى بالموضوع-مصطلح موضوعى
مصطلح موضوعي الخلفاء الراشدون
650 04 - المدخل الاضافى بالموضوع-مصطلح موضوعى
مصطلح موضوعي العالم العربى
التقسيم الفرعي العام تاريخ
التقسيم الفرعي الزمني عصر صدر الاسلام
942 ## - عناصر المدخل الإضافي( كوها)
مصدر التصنيف او مخطط الترفيف Dewey Decimal Classification
Koha [default] item type كتاب
260 ## - PUBLICATION, DISTRIBUTION, ETC. (IMPRINT)
-- القاهرة :
-- مطبعة دار الكتب والوثائق القومية بالقاهرة ،
Holdings
حالة التراجع حالة الفقد حالة تلف ليس للاعارة المكان المؤقت الموقع الحالى تاريخ الاكتساب اجمالي اﻻعارات رقم الطلب الباركود تاريخ اخر مشاهدة تاريخ تفعيل السعر نوع وعاء كوها
        مكتبة القاهرة الكبرى مكتبة القاهرة الكبرى 02/09/2015   953.022\ ا خ 159452 02/09/2015 02/09/2015 كتاب

Powered By

EGPV